Statistics for Countries Bordering Italy via Land or Sea with a Map

Click here to take the quiz!

General Stats

  • This quiz has been taken 266 times
  • The average score is 14 of 15

Answers on the Map

Answers color-coded by a green-red scale on the quiz's map according to % correct below.
 

Answer Stats

COUNTRY% Correct
France
100%
San Marino
99%
Croatia
98%
Vatican City
98%
Austria
97%
Greece
97%
Malta
97%
Slovenia
97%
Switzerland
97%
Spain
96%
Albania
95%
Tunisia
95%
Algeria
93%
Libya
93%
Montenegro
93%

Score Distribution

Percentile by Number Answered

Percent of People with Each Score

Your Score History

You have not taken this quiz